000
00305nam a2200133Ia 4500
008
231129s1962||||xx |||||||||||||| ||spa||
040
_b
spa
082
_a
M863 C348o
100
_a
Castellanos Rosario
245
0
_a
Oficio de tinieblas
260
_c
1962
264
_a
Joaquin Mortiz
942
_2
ddc
_c
BKS
999
_c
22065
_d
22065